[Event "17. Obert Int. Sant Marti 2015"]
[Site "Barcelona ESP"]
[Date "2015.07.18"]
[Round "6.38"]
[White "Deshpande, Aniruddha"]
[Black "Hapala, Elisabeth"]
[Result "1-0"]
[WhiteElo "2268"]
[BlackElo "2083"]
[PlyCount "53"]
[EventDate "2015.07.13"]
[EventType "swiss"]
[EventRounds "9"]
[EventCountry "ESP"]
[SourceTitle "Ajedrez en Madrid"]
[Source "lmi"]
[SourceDate "2013.07.13"]
[SourceVersion "1"]
[SourceVersionDate "2019.06.24"]
[SourceQuality "1"]

1. c4 e5 2. Nc3 Nf6 3. g3 d5 4. cxd5 Nxd5 5. Bg2 Nb6 6. Nf3 Nc6 7. O-O Be7 8.
d3 O-O 9. Be3 Be6 10. Rc1 f5 11. Na4 Bf6 12. Nc5 Qc8 13. Nxe6 Qxe6 14. Nd2 Qxa2
15. b3 f4 16. Bc5 Rfd8 17. Ne4 Nd5 18. Bh3 Kf7 19. e3 Be7 20. Qh5+ Kg8 21. Be6+
Kh8 22. Bf5 h6 23. Qg6 Kg8 24. gxf4 Rf8 25. Be6+ Kh8 26. Bxd5 Bxc5 27. Ng5 1-0

[Event "17. Obert Int. Sant Marti 2015"]
[Site "Barcelona ESP"]
[Date "2015.07.18"]
[Round "6.39"]
[White "Ossa, Orlando"]
[Black "Uzumcu, Ahmet Utku"]
[Result "1-0"]
[WhiteElo "2249"]
[BlackElo "2032"]
[PlyCount "99"]
[EventDate "2015.07.13"]
[EventType "swiss"]
[EventRounds "9"]
[EventCountry "ESP"]
[SourceTitle "Ajedrez en Madrid"]
[Source "lmi"]
[SourceDate "2013.07.13"]
[SourceVersion "1"]
[SourceVersionDate "2019.06.24"]
[SourceQuality "1"]

1. e4 c5 2. c3 Nf6 3. e5 Nd5 4. d4 cxd4 5. Nf3 d6 6. Qxd4 e6 7. Bg5 Qb6 8. Qxb6
Nxb6 9. Na3 a6 10. exd6 Bxd6 11. O-O-O Be7 12. Bc4 Nc6 13. Be3 Nd7 14. Nc2 O-O
15. Rhe1 Nf6 16. Bb6 Bd8 17. Bxd8 Nxd8 18. Ne5 b5 19. Bb3 Bb7 20. Ne3 Rc8 21.
Nd7 Nxd7 22. Rxd7 Bc6 23. Ra7 Bb7 24. Rd1 Rc7 25. Rd6 b4 26. c4 f5 27. Rdxa6 f4
28. Nc2 Rc8 29. Rd6 Bxg2 30. Nxb4 Bf1 31. Rd4 Kh8 32. Kd2 e5 33. Re4 Nf7 34.
Rxf7 Rxf7 35. Rxe5 Rff8 36. Kc3 Rfe8 37. Rf5 Re4 38. Nd3 g6 39. Rf7 g5 40. a4
Rd8 41. Bc2 Re2 42. Bb1 Re4 43. b4 Rdd4 44. Rc7 Rd8 45. Rxh7+ Kxh7 46. Nc5 Kg7
47. Bxe4 Kf6 48. a5 Bh3 49. a6 Bf5 50. Bd5 1-0

[Event "17. Obert Int. Sant Marti 2015"]
[Site "Barcelona ESP"]
[Date "2015.07.18"]
[Round "6.40"]
[White "Larsson, Anders"]
[Black "Lopez Perdomo, Juan David"]
[Result "1-0"]
[WhiteElo "2242"]
[BlackElo "2056"]
[PlyCount "83"]
[EventDate "2015.07.13"]
[EventType "swiss"]
[EventRounds "9"]
[EventCountry "ESP"]
[SourceTitle "Ajedrez en Madrid"]
[Source "lmi"]
[SourceDate "2013.07.13"]
[SourceVersion "1"]
[SourceVersionDate "2019.06.24"]
[SourceQuality "1"]

1. c4 e6 2. Nf3 Nf6 3. b3 d5 4. e3 c5 5. Be2 Be7 6. Bb2 O-O 7. O-O Nbd7 8. d3
b6 9. Nbd2 Bb7 10. Re1 Re8 11. Bf1 Ng4 12. e4 Qc7 13. h3 Bf6 14. Bxf6 Ngxf6 15.
e5 Nh5 16. g3 g6 17. Bg2 Rad8 18. Qe2 Nb8 19. Qe3 dxc4 20. dxc4 Ng7 21. g4 Nd7
22. Ne4 Bxe4 23. Qxe4 f5 24. exf6 Nxf6 25. Qe3 Rd6 26. Rad1 Rxd1 27. Rxd1 Rd8
28. Rxd8+ Qxd8 29. Qe5 Nfe8 30. Ng5 Qd1+ 31. Bf1 Qd6 32. Qe3 h6 33. Nf3 h5 34.
Ne5 hxg4 35. hxg4 Nf6 36. Be2 Nd7 37. Nxg6 e5 38. Bd3 Qd4 39. Qf3 Nf6 40. Qxf6
Qxg4+ 41. Kh2 e4 42. Bf1 1-0

[Event "17. Obert Int. Sant Marti 2015"]
[Site "Barcelona ESP"]
[Date "2015.07.18"]
[Round "6.41"]
[White "Marchador Villalba, Jordi"]
[Black "Ivana Maria, Furtado"]
[Result "0-1"]
[WhiteElo "2026"]
[BlackElo "2236"]
[PlyCount "76"]
[EventDate "2015.07.13"]
[EventType "swiss"]
[EventRounds "9"]
[EventCountry "ESP"]
[SourceTitle "Ajedrez en Madrid"]
[Source "lmi"]
[SourceDate "2013.07.13"]
[SourceVersion "1"]
[SourceVersionDate "2019.06.24"]
[SourceQuality "1"]

1. d4 e6 2. Nf3 d5 3. Bf4 c5 4. e3 Nc6 5. c3 Nf6 6. Bd3 g6 7. Nbd2 Qe7 8. h3
Bg7 9. Ne5 O-O 10. Nxc6 bxc6 11. Be5 cxd4 12. exd4 Bh6 13. O-O Nd7 14. Bh2 Bg7
15. Nf3 f6 16. Qa4 Bb7 17. Ba6 Nb6 18. Qa5 Bxa6 19. Qxa6 e5 20. Rfe1 e4 21. Nd2
f5 22. a4 c5 23. a5 Nd7 24. dxc5 Nxc5 25. Qc6 Rad8 26. Nf3 Nd3 27. Re2 f4 28.
Nd4 Bxd4 29. cxd4 Qd7 30. Qc3 Rc8 31. Qd2 Qg7 32. Kh1 Qxd4 33. Bg1 f3 34. Re3
fxg2+ 35. Kh2 Rf3 36. Rd1 Qe5+ 37. Kxg2 Qg5+ 38. Kf1 Nf4 0-1

[Event "17. Obert Int. Sant Marti 2015"]
[Site "Barcelona ESP"]
[Date "2015.07.18"]
[Round "6.42"]
[White "Aguilar, Andres"]
[Black "Cano Sevila, Ivan"]
[Result "1-0"]
[WhiteElo "2224"]
[BlackElo "1870"]
[PlyCount "61"]
[EventDate "2015.07.13"]
[EventType "swiss"]
[EventRounds "9"]
[EventCountry "ESP"]
[SourceTitle "Ajedrez en Madrid"]
[Source "lmi"]
[SourceDate "2013.07.13"]
[SourceVersion "1"]
[SourceVersionDate "2019.06.24"]
[SourceQuality "1"]

1. c4 e5 2. Nc3 Nc6 3. Nf3 f5 4. d3 Bc5 5. e3 Nf6 6. d4 exd4 7. exd4 Bb4 8. d5
Ne7 9. Bd3 O-O 10. O-O d6 11. Qc2 Bd7 12. a3 Bc5 13. b4 Bb6 14. Na4 Qe8 15.
Nxb6 axb6 16. Re1 Qd8 17. b5 Re8 18. Bb2 Ne4 19. Bxe4 fxe4 20. Rxe4 Nf5 21.
Rae1 Rxe4 22. Rxe4 Qf8 23. Ng5 Re8 24. Ne6 Bxe6 25. dxe6 Re7 26. h4 Qe8 27. Rg4
Nh6 28. Rg5 Qc8 29. Bf6 Rxe6 30. Rxg7+ Kf8 31. Qxh7 1-0

[Event "17. Obert Int. Sant Marti 2015"]
[Site "Barcelona ESP"]
[Date "2015.07.18"]
[Round "6.43"]
[White "Castrillon Gomez, Melissa"]
[Black "Barragan Hernandez, Manel"]
[Result "1-0"]
[WhiteElo "2199"]
[BlackElo "1767"]
[PlyCount "99"]
[EventDate "2015.07.13"]
[EventType "swiss"]
[EventRounds "9"]
[EventCountry "ESP"]
[SourceTitle "Ajedrez en Madrid"]
[Source "lmi"]
[SourceDate "2013.07.13"]
[SourceVersion "1"]
[SourceVersionDate "2019.06.24"]
[SourceQuality "1"]

1. e4 e5 2. Nf3 Nc6 3. Bb5 a6 4. Ba4 Nf6 5. O-O Be7 6. Bxc6 dxc6 7. d3 Qd6 8.
h3 h6 9. Nbd2 Be6 10. b3 Nd7 11. Bb2 Bf6 12. Re1 O-O-O 13. Nc4 Qe7 14. Nfd2 g5
15. Ba3 Qe8 16. Ne3 h5 17. Nf5 g4 18. hxg4 hxg4 19. Qxg4 Rh4 20. Qf3 Rf4 21.
Qh5 Bxf5 22. exf5 Rh4 23. Qf3 Qh8 24. g3 Rh2 25. Re4 Qh6 26. Rd1 Rh8 27. Kf1
Bg5 28. Ke2 Nf6 29. Rxe5 Nd5 30. Ne4 Bf6 31. Bc1 Qg7 32. Nxf6 Nc3+ 33. Kd2 Nxd1
34. Kxd1 Rh1+ 35. Kd2 Qxf6 36. Bb2 Qg5+ 37. Re3 R8h2 38. Ke2 Rg1 39. f6 Rhh1
40. Re8+ Kd7 41. Re7+ Kd8 42. Bc3 Rc1 43. Bd2 Rxc2 44. Re3 Qh5 45. g4 Qh4 46.
Re8+ Kxe8 47. Qe4+ Kf8 48. Qe7+ Kg8 49. Qe8+ Kh7 50. Qxf7+ 1-0

[Event "17. Obert Int. Sant Marti 2015"]
[Site "Barcelona ESP"]
[Date "2015.07.18"]
[Round "6.45"]
[White "Dominguez, Laura Lucia"]
[Black "Thejkumar, M. S.."]
[Result "0-1"]
[WhiteElo "2057"]
[BlackElo "2467"]
[PlyCount "80"]
[EventDate "2015.07.13"]
[EventType "swiss"]
[EventRounds "9"]
[EventCountry "ESP"]
[SourceTitle "Ajedrez en Madrid"]
[Source "lmi"]
[SourceDate "2013.07.13"]
[SourceVersion "1"]
[SourceVersionDate "2019.06.24"]
[SourceQuality "1"]

1. e4 d5 2. exd5 Qxd5 3. Nc3 Qd6 4. g3 Nf6 5. Bg2 g6 6. Nf3 Bg7 7. O-O O-O 8.
d3 c6 9. Re1 Bg4 10. h3 Bxf3 11. Qxf3 Nbd7 12. Bd2 Rfe8 13. a3 e6 14. Rad1 Qc7
15. Bc1 Nd5 16. Nxd5 cxd5 17. c3 b5 18. Qe2 Rac8 19. Be3 a6 20. Rc1 Qd6 21. Bf4
Qb6 22. Red1 d4 23. Bd2 Nc5 24. cxd4 Bxd4 25. Be3 Na4 26. Rxc8 Rxc8 27. Rd2
Bxe3 28. fxe3 h5 29. d4 Qd6 30. Kf2 e5 31. Be4 Nb6 32. h4 Nc4 33. Rd1 Rd8 34.
d5 Qb6 35. Bb1 Rd6 36. Kf3 Qc5 37. e4 Rf6+ 38. Kg2 Ne3+ 39. Kh3 Nxd1 40. Qxd1
Qf2 0-1

[Event "17. Obert Int. Sant Marti 2015"]
[Site "Barcelona ESP"]
[Date "2015.07.18"]
[Round "6.46"]
[White "Dahale, Atul"]
[Black "Matt, Fabian"]
[Result "0-1"]
[WhiteElo "1969"]
[BlackElo "2258"]
[PlyCount "78"]
[EventDate "2015.07.13"]
[EventType "swiss"]
[EventRounds "9"]
[EventCountry "ESP"]
[SourceTitle "Ajedrez en Madrid"]
[Source "lmi"]
[SourceDate "2013.07.13"]
[SourceVersion "1"]
[SourceVersionDate "2019.06.24"]
[SourceQuality "1"]

1. d4 Nf6 2. c4 g6 3. Nc3 Bg7 4. e4 d6 5. Nf3 O-O 6. h3 c5 7. d5 e6 8. Bd3 a6
9. O-O exd5 10. exd5 Re8 11. Bg5 Nbd7 12. Qd2 b6 13. Rae1 Bb7 14. Bh6 Bh8 15.
Rxe8+ Nxe8 16. Ng5 Rb8 17. f4 f5 18. g4 Qf6 19. Kh2 fxg4 20. hxg4 Bg7 21. Bxg7
Nxg7 22. Nce4 Qe7 23. Re1 Re8 24. Kg3 Bc8 25. Nxh7 Qd8 26. Nhg5 Nf6 27. Qh2
Rxe4 28. Bxe4 Qe8 29. Qh1 Bxg4 30. Bd3 Qf8 31. Bxg6 Bh5 32. Bd3 b5 33. cxb5
axb5 34. b3 c4 35. bxc4 bxc4 36. Bc2 Qa8 37. a4 Qa5 38. Re3 Qd2 39. Bh7+ Nxh7
0-1

[Event "17. Obert Int. Sant Marti 2015"]
[Site "Barcelona ESP"]
[Date "2015.07.18"]
[Round "6.47"]
[White "Chirivi C, Jenny Astrid"]
[Black "Fernandez Aguilar, Francisco"]
[Result "1-0"]
[WhiteElo "2218"]
[BlackElo "2067"]
[PlyCount "117"]
[EventDate "2015.07.13"]
[EventType "swiss"]
[EventRounds "9"]
[EventCountry "ESP"]
[SourceTitle "Ajedrez en Madrid"]
[Source "lmi"]
[SourceDate "2013.07.13"]
[SourceVersion "1"]
[SourceVersionDate "2019.06.24"]
[SourceQuality "1"]

1. d4 d5 2. c4 c6 3. Nf3 Nf6 4. Nc3 e6 5. e3 Nbd7 6. Bd3 dxc4 7. Bxc4 b5 8. Bd3
Bd6 9. a3 O-O 10. O-O Bb7 11. b4 a5 12. Rb1 axb4 13. axb4 e5 14. Qc2 Qe7 15.
Ne4 Nxe4 16. Bxe4 Nf6 17. dxe5 Nxe4 18. exd6 Nxd6 19. Qc5 Qe4 20. Bb2 Nc4 21.
Bd4 Rad8 22. Qg5 f6 23. Qg3 Bc8 24. h3 Be6 25. Rbd1 Bd5 26. Bc5 Rfe8 27. Rd4
Qg6 28. Rg4 Qf7 29. Nd4 Ne5 30. Rf4 Nd3 31. Nf5 Qc7 32. Nxg7 Qxg7 33. Rg4 Rd7
34. Qh4 Ne5 35. Qh5 Ng6 36. Bd4 Qf7 37. f4 Kh8 38. Qh6 Re4 39. Ra1 Re8 40. h4
Be6 41. Rg3 Rxd4 42. exd4 Rd8 43. h5 Ne7 44. Ra7 Nf5 45. Rxf7 Nxh6 46. Rxf6 Nf5
47. Rg5 Nxd4 48. h6 Bd5 49. f5 Nc2 50. Rg7 Nxb4 51. g4 Nd3 52. g5 b4 53. g6 Bg8
54. Rc7 hxg6 55. fxg6 b3 56. Rfxc6 Rd4 57. h7 b2 58. Rb7 Bxh7 59. g7+ 1-0

[Event "17. Obert Int. Sant Marti 2015"]
[Site "Barcelona ESP"]
[Date "2015.07.18"]
[Round "6.48"]
[White "Aprea, Daniele"]
[Black "Meylan, Andre"]
[Result "1-0"]
[WhiteElo "1923"]
[BlackElo "2196"]
[PlyCount "85"]
[EventDate "2015.07.13"]
[EventType "swiss"]
[EventRounds "9"]
[EventCountry "ESP"]
[SourceTitle "Ajedrez en Madrid"]
[Source "lmi"]
[SourceDate "2013.07.13"]
[SourceVersion "1"]
[SourceVersionDate "2019.06.24"]
[SourceQuality "1"]

1. e4 Nf6 2. Nc3 d5 3. e5 Nfd7 4. d4 e6 5. f4 c5 6. Nf3 Nc6 7. Be3 Qb6 8. Na4
Qa5+ 9. c3 cxd4 10. b4 Qc7 11. Nxd4 a6 12. Be2 Be7 13. O-O O-O 14. Rc1 b5 15.
Nb2 Nb6 16. a4 Nxd4 17. Bxd4 Nc4 18. Nxc4 dxc4 19. Bf3 Bb7 20. a5 Rfd8 21. Rc2
Rd7 22. Rd2 Bxf3 23. Qxf3 Qb7 24. Qxb7 Rxb7 25. Rfd1 Rd8 26. Bb6 Rxd2 27. Rxd2
f6 28. Bd8 Kf7 29. Bxe7 Kxe7 30. Rd6 Ra7 31. Kf2 g5 32. g3 gxf4 33. gxf4 Ra8
34. Ke3 fxe5 35. fxe5 Ra7 36. Ke4 Ra8 37. Rb6 Ra7 38. h3 h6 39. h4 Kf7 40. Kf4
Ra8 41. Rb7+ Kg6 42. Re7 Rf8+ 43. Ke4 1-0

[Event "17. Obert Int. Sant Marti 2015"]
[Site "Barcelona ESP"]
[Date "2015.07.18"]
[Round "6.49"]
[White "Busquets, Luis"]
[Black "Heinrici, Simon"]
[Result "1/2-1/2"]
[WhiteElo "2189"]
[BlackElo "2046"]
[PlyCount "137"]
[EventDate "2015.07.13"]
[EventType "swiss"]
[EventRounds "9"]
[EventCountry "ESP"]
[SourceTitle "Ajedrez en Madrid"]
[Source "lmi"]
[SourceDate "2013.07.13"]
[SourceVersion "1"]
[SourceVersionDate "2019.06.24"]
[SourceQuality "1"]

1. e4 e5 2. Nf3 Nc6 3. Bb5 a6 4. Ba4 Nf6 5. O-O b5 6. Bb3 Bc5 7. c3 d6 8. d4
Bb6 9. Bg5 h6 10. Bd5 Bd7 11. Bh4 g5 12. Bg3 exd4 13. Nxd4 Bxd4 14. cxd4 Nxd5
15. exd5 Ne7 16. f4 gxf4 17. Bh4 Rg8 18. Re1 Rg5 19. Bxg5 hxg5 20. Qh5 Kf8 21.
Qxg5 Ng6 22. Qxd8+ Rxd8 23. Nd2 Ne7 24. Rxe7 Kxe7 25. Rf1 Rh8 26. Rxf4 Rh5 27.
Ne4 Rxd5 28. Nf6 Rf5 29. Rxf5 Bxf5 30. Nd5+ Kd7 31. g4 Be6 32. Ne3 Bxa2 33. h4
Ke6 34. g5 c5 35. d5+ Ke5 36. h5 Bb1 37. Ng4+ Kxd5 38. Kf2 Kc4 39. Nh6 Kb3 40.
Nxf7 Kxb2 41. g6 c4 42. g7 Bh7 43. Ng5 Bg8 44. h6 c3 45. h7 Bxh7 46. Nxh7 c2
47. g8=Q c1=Q 48. Qg7+ Qc3 49. Qb7 Qc5+ 50. Ke2 a5 51. Nf6 Qc2+ 52. Ke3 Qc3+
53. Ke4 Qxf6 54. Qxb5+ Ka2 55. Qa4+ Kb2 56. Qb5+ Kc1 57. Qxa5 Qe6+ 58. Kd3 Qh3+
59. Kc4 Qg4+ 60. Kd3 Qf3+ 61. Kd4 Qf4+ 62. Kd3 Qf1+ 63. Kd4 Qd1+ 64. Kc4 Qe2+
65. Kd4 Qg4+ 66. Kd3 Qg6+ 67. Kd4 Qf6+ 68. Kd3 Qf3+ 69. Kd4 1/2-1/2

[Event "17. Obert Int. Sant Marti 2015"]
[Site "Barcelona ESP"]
[Date "2015.07.18"]
[Round "6.50"]
[White "Fernandez Madrid, Carlos"]
[Black "Papathanasiou, Elisavet"]
[Result "1-0"]
[WhiteElo "2168"]
[BlackElo "1951"]
[PlyCount "27"]
[EventDate "2015.07.13"]
[EventType "swiss"]
[EventRounds "9"]
[EventCountry "ESP"]
[SourceTitle "Ajedrez en Madrid"]
[Source "lmi"]
[SourceDate "2013.07.13"]
[SourceVersion "1"]
[SourceVersionDate "2019.06.24"]
[SourceQuality "1"]

1. c4 e5 2. g3 Nc6 3. Bg2 g6 4. e4 Bg7 5. Ne2 d6 6. O-O Nge7 7. Nbc3 O-O 8. d3
Be6 9. Nd5 Qd7 10. Bh6 Nxd5 11. Bxg7 Ne3 12. Qc1 Nxf1 13. Bf6 Nxg3 14. hxg3 1-0

[Event "17. Obert Int. Sant Marti 2015"]
[Site "Barcelona ESP"]
[Date "2015.07.18"]
[Round "6.51"]
[White "Rojas Fernandez, Andres"]
[Black "Perez Pastora, Evarist"]
[Result "0-1"]
[WhiteElo "1946"]
[BlackElo "2158"]
[PlyCount "112"]
[EventDate "2015.07.13"]
[EventType "swiss"]
[EventRounds "9"]
[EventCountry "ESP"]
[SourceTitle "Ajedrez en Madrid"]
[Source "lmi"]
[SourceDate "2013.07.13"]
[SourceVersion "1"]
[SourceVersionDate "2019.06.24"]
[SourceQuality "1"]

1. e4 c5 2. Nc3 Nc6 3. g3 g6 4. Bg2 Bg7 5. d3 e6 6. Nge2 Nge7 7. O-O O-O 8. f4
d6 9. g4 f5 10. gxf5 exf5 11. Ng3 Nd4 12. Nce2 Nxe2+ 13. Qxe2 Nc6 14. c3 Qe7
15. Bd2 Bd7 16. Rae1 Rae8 17. Qd1 Qf7 18. a3 Nd8 19. Be3 b6 20. d4 Bc6 21. exf5
gxf5 22. d5 Bd7 23. Bf3 Re7 24. Bh5 Qf6 25. Bd2 Rxe1 26. Rxe1 Nf7 27. Bf3 Nh6
28. h3 Qh4 29. Kg2 Rf6 30. Bh5 Rf8 31. Qf3 Nf7 32. Bxf7+ Rxf7 33. Qh5 Bf6 34.
Qxh4 Bxh4 35. Kf3 Rg7 36. Rg1 Bb5 37. b3 Bd3 38. Be3 Bc2 39. b4 Kf7 40. Bf2
Be4+ 41. Ke3 Bxg3 42. Rxg3 Rxg3+ 43. Bxg3 Bxd5 44. Bh4 Bg2 45. Bd8 Bxh3 46. Bc7
cxb4 47. axb4 Ke7 48. Bb8 Kd7 49. c4 a5 50. bxa5 bxa5 51. Kd4 Kc6 52. Ba7 Bg2
53. c5 d5 54. Bb6 a4 55. Kc3 Kb5 56. Kb2 h5 0-1

[Event "17. Obert Int. Sant Marti 2015"]
[Site "Barcelona ESP"]
[Date "2015.07.18"]
[Round "6.52"]
[White "Coppola, Federico"]
[Black "Serefidou, Despina"]
[Result "1-0"]
[WhiteElo "2136"]
[BlackElo "1923"]
[PlyCount "39"]
[EventDate "2015.07.13"]
[EventType "swiss"]
[EventRounds "9"]
[EventCountry "ESP"]
[SourceTitle "Ajedrez en Madrid"]
[Source "lmi"]
[SourceDate "2013.07.13"]
[SourceVersion "1"]
[SourceVersionDate "2019.06.24"]
[SourceQuality "1"]

1. Nf3 Nf6 2. c4 e6 3. g3 b6 4. Bg2 Bb7 5. O-O Be7 6. d4 O-O 7. Re1 c5 8. d5
exd5 9. Nh4 d6 10. cxd5 Re8 11. e4 Bf8 12. Nc3 g6 13. f4 Nfd7 14. Nf3 Bg7 15.
Nb5 Nf6 16. e5 dxe5 17. fxe5 Nxd5 18. Nd6 Re7 19. Bg5 f6 20. Nxb7 1-0

[Event "17. Obert Int. Sant Marti 2015"]
[Site "Barcelona ESP"]
[Date "2015.07.18"]
[Round "6.53"]
[White "Niklesh, Kumar Jain"]
[Black "Leriche, Luc"]
[Result "1/2-1/2"]
[WhiteElo "1904"]
[BlackElo "2132"]
[PlyCount "79"]
[EventDate "2015.07.13"]
[EventType "swiss"]
[EventRounds "9"]
[EventCountry "ESP"]
[SourceTitle "Ajedrez en Madrid"]
[Source "lmi"]
[SourceDate "2013.07.13"]
[SourceVersion "1"]
[SourceVersionDate "2019.06.24"]
[SourceQuality "1"]

1. e4 c5 2. Nf3 d6 3. Bb5+ Bd7 4. Bxd7+ Qxd7 5. c4 Nf6 6. Nc3 g6 7. d4 cxd4 8.
Nxd4 Bg7 9. f3 O-O 10. O-O Re8 11. b3 Nc6 12. Be3 a6 13. a4 Qd8 14. Qd2 Qa5 15.
Rfd1 e6 16. Rab1 Red8 17. Nde2 Rac8 18. Kh1 Rd7 19. Bg5 Rcd8 20. Qf4 Nh5 21.
Qe3 Bf6 22. Bxf6 Nxf6 23. Qf4 Kg7 24. g4 h6 25. Rd2 Qe5 26. Rbd1 Qxf4 27. Nxf4
Na5 28. Rb1 Ne8 29. Ng2 Nc6 30. Ne3 Nb4 31. Rbd1 Nc7 32. Kg2 Kf8 33. f4 Ke7 34.
h4 Nc6 35. Kg3 Nb4 36. g5 h5 37. f5 Nc6 38. f6+ Ke8 39. Nc2 Ne5 40. Ne3 1/2-1/2

[Event "17. Obert Int. Sant Marti 2015"]
[Site "Barcelona ESP"]
[Date "2015.07.18"]
[Round "6.54"]
[White "Molano Lafuente, Ismael"]
[Black "Magallanes, Gustavo"]
[Result "1/2-1/2"]
[WhiteElo "2112"]
[BlackElo "1908"]
[PlyCount "104"]
[EventDate "2015.07.13"]
[EventType "swiss"]
[EventRounds "9"]
[EventCountry "ESP"]
[SourceTitle "Ajedrez en Madrid"]
[Source "lmi"]
[SourceDate "2013.07.13"]
[SourceVersion "1"]
[SourceVersionDate "2019.06.24"]
[SourceQuality "1"]

1. b4 Nf6 2. Bb2 g6 3. g4 Bg7 4. g5 Nh5 5. Bxg7 Nxg7 6. Qc1 a5 7. Qb2 O-O 8. b5
c6 9. a4 d5 10. h4 Nh5 11. e3 Bg4 12. Be2 Bxe2 13. Nxe2 Qd6 14. d4 Nd7 15. Qa3
Qxa3 16. Nxa3 e5 17. c4 f6 18. bxc6 bxc6 19. cxd5 cxd5 20. Nb5 Rfc8 21. Kd2 e4
22. Rhc1 fxg5 23. hxg5 Nb6 24. Nd6 Rf8 25. Rc6 Nc4+ 26. Nxc4 dxc4 27. Ke1 Rf5
28. Rc1 Raf8 29. R1xc4 Rxf2 30. Rc8 R2f3 31. Rxf8+ Kxf8 32. Kd2 Rf2 33. Ke1 Rf3
34. Rc8+ Kf7 35. Rc7+ Ke6 36. Kd2 Rf2 37. Ke1 Rf3 38. Rxh7 Rxe3 39. Kd2 Rd3+
40. Kc2 Kf5 41. Ra7 Kxg5 42. Rxa5+ Kf6 43. Re5 Rxd4 44. Rxh5 Rxa4 45. Rc5 Ra2+
46. Kd1 e3 47. Rc3 Kf5 48. Rxe3 g5 49. Ke1 Ra4 50. Kf2 g4 51. Rb3 Ra2 52. Rb5+
Ke4 1/2-1/2

[Event "17. Obert Int. Sant Marti 2015"]
[Site "Barcelona ESP"]
[Date "2015.07.18"]
[Round "6.55"]
[White "Kakumanu, Kautil Prasad"]
[Black "Vazquez Moreno, Josep M"]
[Result "1/2-1/2"]
[WhiteElo "1616"]
[BlackElo "2104"]
[PlyCount "35"]
[EventDate "2015.07.13"]
[EventType "swiss"]
[EventRounds "9"]
[EventCountry "ESP"]
[SourceTitle "Ajedrez en Madrid"]
[Source "lmi"]
[SourceDate "2013.07.13"]
[SourceVersion "1"]
[SourceVersionDate "2019.06.24"]
[SourceQuality "1"]

1. c4 e5 2. Nc3 Nc6 3. g3 f5 4. Bg2 Nf6 5. d3 Bb4 6. Bd2 O-O 7. Nd5 Bxd2+ 8.
Qxd2 d6 9. Nf3 e4 10. dxe4 fxe4 11. Nd4 Nxd5 12. Nxc6 bxc6 13. cxd5 c5 14. Bxe4
Bh3 15. f3 Rb8 16. Kf2 Rb4 17. Qc2 Qf6 18. Bxh7+ 1/2-1/2

[Event "17. Obert Int. Sant Marti 2015"]
[Site "Barcelona ESP"]
[Date "2015.07.18"]
[Round "6.56"]
[White "Petrone, Gianmario"]
[Black "Dougas Chavarria, Nestor"]
[Result "1-0"]
[WhiteElo "2102"]
[BlackElo "1809"]
[PlyCount "119"]
[EventDate "2015.07.13"]
[EventType "swiss"]
[EventRounds "9"]
[EventCountry "ESP"]
[SourceTitle "Ajedrez en Madrid"]
[Source "lmi"]
[SourceDate "2013.07.13"]
[SourceVersion "1"]
[SourceVersionDate "2019.06.24"]
[SourceQuality "1"]

1. e4 c5 2. c3 d5 3. exd5 Qxd5 4. d4 Nc6 5. Nf3 g6 6. Na3 Bg4 7. Be2 cxd4 8.
Nb5 Qd7 9. Nbxd4 Bg7 10. Nxc6 Qxd1+ 11. Bxd1 bxc6 12. Be3 Rb8 13. Ba4 Bxf3 14.
gxf3 Rxb2 15. Bxc6+ Kf8 16. O-O-O Bxc3 17. a4 Ra2 18. Bxa7 Nf6 19. Rd8+ Kg7 20.
Rhd1 Rxd8 21. Rxd8 e6 22. Bd4 Bxd4 23. Rxd4 Nd5 24. Rd2 Ra3 25. Kb2 Rxf3 26. a5
Rf5 27. a6 Nc7 28. Bb7 Rb5+ 29. Kc1 Rb6 30. Ra2 Kf6 31. Bc8 Ke7 32. a7 Kd8 33.
Ba6 Na8 34. Be2 Rc6+ 35. Rc2 Rxc2+ 36. Kxc2 Kc7 37. Bf3 Nb6 38. a8=Q Nxa8 39.
Bxa8 Kd6 40. Kd3 Ke5 41. Ke3 g5 42. Bc6 f5 43. Be8 f4+ 44. Kf3 Kf5 45. h3 h6
46. Bh5 Ke5 47. Bg4 Kd5 48. Bh5 Ke5 49. Kg4 Ke4 50. Bg6+ Kd4 51. Kh5 e5 52.
Kxh6 e4 53. Kxg5 e3 54. fxe3+ fxe3 55. Bh5 Ke5 56. h4 Ke6 57. Kg6 Ke7 58. Kg7
Ke6 59. Bg4+ Ke5 60. h5 1-0

[Event "17. Obert Int. Sant Marti 2015"]
[Site "Barcelona ESP"]
[Date "2015.07.18"]
[Round "6.57"]
[White "Font Purroy, Vicenc"]
[Black "Rodriguez, Sofia"]
[Result "1-0"]
[WhiteElo "2092"]
[BlackElo "1783"]
[PlyCount "117"]
[EventDate "2015.07.13"]
[EventType "swiss"]
[EventRounds "9"]
[EventCountry "ESP"]
[SourceTitle "Ajedrez en Madrid"]
[Source "lmi"]
[SourceDate "2013.07.13"]
[SourceVersion "1"]
[SourceVersionDate "2019.06.24"]
[SourceQuality "1"]

1. c4 Nf6 2. g3 g6 3. Bg2 Bg7 4. Nc3 O-O 5. Nf3 d6 6. O-O e5 7. d3 Nc6 8. Rb1
Rb8 9. b4 Bf5 10. Nd5 Nxd5 11. cxd5 Nd4 12. Nxd4 exd4 13. b5 a6 14. Bd2 Qd7 15.
Qb3 axb5 16. Qxb5 Qxb5 17. Rxb5 Rfe8 18. Bf3 Ra8 19. Ra1 b6 20. Rb2 h6 21. h4
h5 22. Rc2 Ra7 23. a3 Rea8 24. Bb4 Ra4 25. Rb1 R4a7 26. Bg2 Kh7 27. Rbc1 Re8
28. Rxc7 Rxc7 29. Rxc7 Rxe2 30. Bf1 Rb2 31. Bxd6 Rb5 32. Rb7 Rb1 33. Kg2 Kg8
34. Rb8+ Kh7 35. Bb4 Rb3 36. d6 Bf6 37. Rxb6 Kg7 38. Bc5 Rxb6 39. Bxb6 Bd7 40.
f4 Kf8 41. Kf2 Ke8 42. Ke2 Bc6 43. Bh3 Bd7 44. Bg2 Bf5 45. Bd5 Bd7 46. Kd2 Ba4
47. Kc1 Bb5 48. Kc2 Ba4+ 49. Bb3 Bxb3+ 50. Kxb3 Kd7 51. Bc5 Ke6 52. Kc4 Kf5 53.
Bb6 Ke6 54. Bc7 Kd7 55. Kd5 Bg7 56. a4 Bf6 57. a5 Kc8 58. Kc6 Bxh4 59. d7# 1-0

[Event "17. Obert Int. Sant Marti 2015"]
[Site "Barcelona ESP"]
[Date "2015.07.18"]
[Round "6.58"]
[White "Dadello, Aleksandra"]
[Black "Moreno Perez, Norberto"]
[Result "1-0"]
[WhiteElo "2068"]
[BlackElo "1853"]
[PlyCount "57"]
[EventDate "2015.07.13"]
[EventType "swiss"]
[EventRounds "9"]
[EventCountry "ESP"]
[SourceTitle "Ajedrez en Madrid"]
[Source "lmi"]
[SourceDate "2013.07.13"]
[SourceVersion "1"]
[SourceVersionDate "2019.06.24"]
[SourceQuality "1"]

1. e4 e5 2. Nf3 Nc6 3. Bc4 Be7 4. Nc3 Nf6 5. d4 exd4 6. Nxd4 O-O 7. O-O Ne5 8.
Be2 d6 9. f4 Ng6 10. Be3 a6 11. a4 Re8 12. Bd3 Ng4 13. Bd2 c6 14. h3 Nf6 15.
Kh1 c5 16. Nde2 Bd7 17. Ng3 Qc8 18. Qe2 Bd8 19. b3 Bc7 20. Nh5 Bc6 21. Nxf6+
gxf6 22. Qh5 Kf8 23. Nd5 Bxd5 24. exd5 Kg7 25. f5 Ne5 26. Qh6+ Kg8 27. Rf4 Qd8
28. Bc3 Kh8 29. Rh4 1-0